Report of the Expert Consultation on Training in the Fisheries Investment Project Cycle : Rome, 24-26 November 1986.

Bibliographic Details
Corporate Authors: Expert Consultation on Training in the Fisheries Investment Project Cycle Rome, Italy, Food and Agriculture Organization of the United Nations
Format: Conference Proceeding Book
Language:English
Published: Rome : Food and Agriculture Organization of the United Nations, 1987.
Series:FAO fisheries report ; no. 378.
Subjects:

MARC

Tag First Indicator Second Indicator Subfields
LEADER 00000cam a2200000 a 4500
001 in00000031951
005 20151007055003.0
008 880127s1987 it b i10010 eng d
020 |a 9251025851 
035 |a (OCoLC)17398090 
035 |9 AAB6852AM 
040 |a VPI  |c VPI  |d TXA  |d UtOrBLW 
049 |a TXAM  |c [A11531697] 
050 4 |a SH331  |b .F2 no.378 
111 2 |a Expert Consultation on Training in the Fisheries Investment Project Cycle  |d (1986 :  |c Rome, Italy) 
245 1 0 |a Report of the Expert Consultation on Training in the Fisheries Investment Project Cycle :  |b Rome, 24-26 November 1986. 
264 1 |a Rome :  |b Food and Agriculture Organization of the United Nations,  |c 1987. 
300 |a v, 13 pages ;  |c 30 cm. 
336 |a text  |b txt  |2 rdacontent 
337 |a unmediated  |b n  |2 rdamedia 
338 |a volume  |b nc  |2 rdacarrier 
490 1 |a FAO fisheries report ;  |v no. 378 
500 |a "FIPP/R378." 
504 |a Includes bibliographical references. 
650 0 |a Fisheries  |x Finance  |x Congresses. 
650 0 |a Fisheries  |x Economic aspects  |x Congresses. 
710 2 |a Food and Agriculture Organization of the United Nations. 
830 0 |a FAO fisheries report ;  |v no. 378. 
999 |a MARS 
999 f f |s f0a02fb6-5bb7-3d49-9dbd-ee90f7179c68  |i 4cf88cf3-7127-3246-8570-99c3ca70000e  |t 0 
952 f f |p ric  |a Texas A&M University  |b Rellis Campus  |c Joint Library Facility  |d Remote Storage  |t 0  |e SH331 .F2 no.378  |h Library of Congress classification  |i unmediated -- volume  |m A14811531697 
998 f f |a SH331 .F2 no.378  |t 0  |l Remote Storage